God being history : studies in patristic philosophy /

Saved in:
Bibliographic Details
Main Author: Meijering, E. P.
Format: Book
Language:English
Published: Amsterdam ; Oxford : North-Holland Publishing Co. [etc.], 1975.
Subjects:
LEADER 00953nam a2200253 i 4500
001 c000234713
003 CARM
005 00000000000000.0
008 840229s1975 vp 0 eng d
019 1 |a 57980120  |z 266465  |5 LACONCORD2021 
020 |a 0720460379 
020 |a 0444108033 
035 |a (OCoLC)1491305  |5 LACONCORD2021 
082 0 4 |a 231/.09/015 
100 1 |a Meijering, E. P. 
245 1 0 |a God being history :  |b studies in patristic philosophy /  |c [by] E.P. Meijering. 
260 |a Amsterdam ;  |a Oxford :  |b North-Holland Publishing Co. [etc.],  |c 1975. 
300 |a x,185p ;  |c 23cm. 
500 |a Includes three papers in German. 
650 0 |a God  |x History of doctrines. 
650 0 |a Fathers of the church. 
852 8 |b CARM  |h A2:AQ13A0  |i B06802  |p 0328328  |f BK 
999 f f |i a688b617-c12a-589e-9e51-9568b72e103f  |s c8908660-6bf2-5c4e-8bd1-3a2fd94d6fe6 
952 f f |p Can circulate  |a CAVAL  |b CAVAL  |c CAVAL  |d CARM 1 Store  |e B06802  |f A2:AQ13A0  |h Other scheme  |i book  |m 0328328